Biblioteca

Las crónicas de Narnia / Clive Staples, Lewis (Registro nro. 48276)

Detalles MARC
000 -LÍDER
Campo fijo de descripción fija 005070000a22001450004500
001 - NÚMERO DE CONTROL
Campo de control 1100
082 04 - NÚMERO DE CLASIFICACIÓN DECIMAL DEWEY
Número de clasificación G CD L585c
100 1# - ASIENTO PRINCIPAL--NOMBRE PERSONAL
Nombre personal Lewis, Clive Staples (1898-1963)
245 10 - TÍTULO
Título del Material Las crónicas de Narnia / Clive Staples, Lewis
260 ## - PUBLICACIÓN, DISTRIBUCIÓN, ETC. (PIE DE IMPRENTA)
Lugar de publicación, distribución, etc. [S.L.] : Harper Collins
300 ## - DESCRIPCIÓN FÍSICA
Extensión 802 P.
505 00 - NOTA DE CONTENIDO
Nota de contenido con formato preestablecido El Sobrino del Mago El León, La Bruja y el Ropero. El Caballo y el Muchacho El Príncipe Caspian La Travesía del Viajero del Alba La Silla de Plata La Última Batalla
942 ## - TIPO DE MATERIAL (KOHA)
Tipo de Item KOHA Z- Libro General BINCO
Existencias
Estado de Material Estado de Perdido Volumen-Parte/Tomo Estado de Dañado No para Préstamo Tomo Biblioteca de Origen Biblioteca Permanente Fecha de Adquisición Total de Préstamos Total de Renovaciones Signatura Topográfica Código de Barras Última vez visto Última vez Préstado Ejemplar/Existencia Fecha de Remplazo Tipo de Material
            Biblioteca Infantil Comunitaria BINCO Biblioteca Infantil Comunitaria BINCO 23/03/2007 3 4 G CD L585c B31249 24/11/2016 07/09/2016 1 26/01/2016 Z- Libro General BINCO

Biblioteca FUSBC | Teléfono: (57+4) 349 88 10 Ext. 141| WhatsApp (+57) 3005338115 
E-mail: biblioteca@unisbc.edu.co | Calle 76 87-14 Robledo Palenque, Medellín, Colombia

Con tecnología Koha